| 000 | 00739 a2200217 4500 | ||
|---|---|---|---|
| 003 | Nust | ||
| 005 | 20221014094700.0 | ||
| 010 | _a 82015925 | ||
| 020 | _a0471078387 (pbk.) : | ||
| 040 | _cNust | ||
| 082 | 0 | 0 | _a604.25,HOF |
| 100 | 1 |
_aHoffman, K. O. _9100258 |
|
| 245 | 0 | 0 |
_aBlueprint reading / _cK.O. Hoffman, National Machine Tool Builders' Association. |
| 260 |
_aNew York : _bWiley, _cc1983. |
||
| 300 |
_aviii, 95 p. : _bill. ; _c28 cm. |
||
| 440 | 0 |
_aNMTBA shop practices series _9100259 |
|
| 505 | _aIntroduction to blueprint reading (Page-3), Working with blue prints (Page-29), Dimensioning (Page-49). | ||
| 650 | 0 |
_aBlueprints. _937725 |
|
| 710 | 2 |
_aNational Machine Tool Builders' Association. _9100260 |
|
| 942 |
_2ddc _cBK |
||
| 999 |
_c183054 _d183054 |
||